|
|
|
|
| LEADER |
00000nab#a22000007a#4500 |
| 001 |
arbauad006462 |
| 003 |
AR-BaUAD |
| 005 |
20250711110755.0 |
| 008 |
941104|||||||||###||||||b###|0###a|spa|| |
| 040 |
|
|
|a AR-BaUAD
|c AR-BaUAD
|b spa
|
| 100 |
|
|
|a Irigoyen, Adriana
|
| 245 |
|
|
|a Identidad y transformación /
|c Adriana Irigoyen;
|
| 300 |
0 |
|
|b cortes, detalles, fot., plantas
|
| 653 |
|
|
|a LIER-TONCONOGY
|
| 653 |
|
|
|a RECICLAJE
|
| 653 |
|
|
|a MERCADO NORTE
|
| 653 |
|
|
|a MERCADOS
|
| 653 |
|
|
|a INTERVENCIONES
|
| 653 |
|
|
|a SUPERMERCADOS
|
| 653 |
|
|
|a CASA TIA
|
| 653 |
|
|
|a BUENOS AIRES, CIUDAD
|
| 653 |
|
|
|a ARGENTINA
|
| 773 |
0 |
|
|t SUMMA
|g no. 249 [mayo 1988], p. 22-30
|
| 942 |
|
|
|c ARTI
|
| 952 |
|
|
|0 0
|1 0
|4 0
|7 0
|9 51382
|a AR-BAuAD
|b AR-BAuAD
|d 2025-07-11
|l 0
|p AAQA006462
|r 2025-07-11 11:07:55
|w 2025-07-11
|y ARTI
|
| 990 |
|
|
|a AQ198
|b TD
|
| 998 |
|
|
|a AAQ
|b BIBUN76
|
| 999 |
|
|
|c 31055
|d 31055
|